<?xml version="1.0" encoding="UTF-8"?>
<record
    xmlns:xsi="http://www.w3.org/2001/XMLSchema-instance"
    xsi:schemaLocation="http://www.loc.gov/MARC21/slim http://www.loc.gov/standards/marcxml/schema/MARC21slim.xsd"
    xmlns="http://www.loc.gov/MARC21/slim">

  <leader>01321ctm a22002537a 4500</leader>
  <datafield tag="999" ind1=" " ind2=" ">
    <subfield code="c">7301</subfield>
    <subfield code="d">7301</subfield>
  </datafield>
  <controlfield tag="003">OSt</controlfield>
  <controlfield tag="005">20200622164927.0</controlfield>
  <controlfield tag="008">200620q19562018spc||||  |||| 0|0 0dcat|d</controlfield>
  <datafield tag="040" ind1=" " ind2=" ">
    <subfield code="b">cat</subfield>
    <subfield code="c">CDMR</subfield>
  </datafield>
  <datafield tag="100" ind1="1" ind2=" ">
    <subfield code="a">Pons, Agust&#xED;</subfield>
    <subfield code="e">creador</subfield>
    <subfield code="9">2195</subfield>
  </datafield>
  <datafield tag="245" ind1="1" ind2="0">
    <subfield code="a">Fons Agust&#xED; Pons i Mir</subfield>
  </datafield>
  <datafield tag="260" ind1=" " ind2=" ">
    <subfield code="c">Entre 1956 i 2018</subfield>
  </datafield>
  <datafield tag="300" ind1=" " ind2=" ">
    <subfield code="a">4,3 m (43 unitats d'instal&#xB7;laci&#xF3;) de documentaci&#xF3; textual, paper + biblioteca</subfield>
  </datafield>
  <datafield tag="300" ind1=" " ind2=" ">
    <subfield code="a">1 unitat d'instal&#xB7;laci&#xF3; que cont&#xE9; 332 imatges (242 positius color, 21 diapositives i 69 positiu b/n), 23 cds i 79 cassetes &#xE0;udio</subfield>
  </datafield>
  <datafield tag="506" ind1=" " ind2=" ">
    <subfield code="c">Acc&#xE9;s lliure, amb excepci&#xF3; de la documentaci&#xF3; que cont&#xE9; dades protegides per la legislaci&#xF3; vigent</subfield>
  </datafield>
  <datafield tag="520" ind1="3" ind2=" ">
    <subfield code="a">Correspond&#xE8;ncia, manuscrits, documents identificatius, certificats, documents de l'activitat acad&#xE8;mica, esborranys i material de treball, documentaci&#xF3; sobre la seva obra, biblioteca personal, publicacions peri&#xF2;diques, material gr&#xE0;fic i retalls de premsa</subfield>
  </datafield>
  <datafield tag="524" ind1=" " ind2=" ">
    <subfield code="a">Sant Cugat del Vall&#xE8;s, Arxiu Nacional de Catalunya, Fons Agust&#xED; Pons i Mir</subfield>
  </datafield>
  <datafield tag="600" ind1="1" ind2="0">
    <subfield code="a">Pons, Agust&#xED;</subfield>
    <subfield code="x">Arxius</subfield>
    <subfield code="9">2195</subfield>
  </datafield>
  <datafield tag="600" ind1="1" ind2="0">
    <subfield code="a">Pons, Agust&#xED;</subfield>
    <subfield code="x">Biografia</subfield>
    <subfield code="9">2195</subfield>
  </datafield>
  <datafield tag="650" ind1=" " ind2="7">
    <subfield code="a">Periodistes</subfield>
    <subfield code="z">Catalunya</subfield>
    <subfield code="x">Arxius</subfield>
    <subfield code="2">lemac </subfield>
    <subfield code="9">2400</subfield>
  </datafield>
  <datafield tag="655" ind1=" " ind2="7">
    <subfield code="a">Manuscrits</subfield>
    <subfield code="2">lemac</subfield>
  </datafield>
  <datafield tag="942" ind1=" " ind2=" ">
    <subfield code="c">REF</subfield>
  </datafield>
</record>
